Statistics for Countries with the Most Tourists per Square Kilometer

Click here to take the quiz!

General Stats

  • This quiz has been taken 72 times
  • The average score is 14 of 20

Answer Stats

Ratio Country % Correct
>11.3 milVatican City
94%
166,337Monaco
91%
378Netherlands
86%
6,222Malta
83%
17,960Singapore
81%
245Belgium
80%
843San Marino
80%
252Switzerland
74%
6,049Andorra
73%
335Austria
71%
188Greece
71%
178United Arab Emirates
66%
174Italy
64%
242Denmark
63%
295Taiwan
57%
984Barbados
57%
1,569Bahrain
56%
670St Lucia
51%
244Croatia
51%
4,287Maldives
43%

Score Distribution

Percentile by Number Answered

Percent of People with Each Score

Your Score History

You have not taken this quiz